Statistiques concernant Personnages célèbres - Série 02

Cliquez ici pour prendre le quiz!

Statistiques générales

  • Ce quiz a été pris 933 fois
  • Le résultat moyen est 9 sur 15

Statistiques - réponses

Réponse% Correct
Charlie Chaplin
98%
Michelle Obama
93%
Elvis Presley
90%
Diego Maradona
79%
Anne Roumanoff
78%
Alain Souchon
69%
Brigitte Bardot
66%
Michel Sardou
65%
Michel Platini
62%
Michel Galabru
56%
Carole Bouquet
37%
Raymond Poulidor
26%
Dalida
23%
Marcel Proust
23%
Jean Claude Brialy
19%

Distribution des résultats

Percentile par nombre de réponses

% des personnes avec chaque résultat

Votre développement - résultats

Vous n’avez pas pris ce quiz